000 00464nam a2200193Ia 4500
003 0100
008 130303s9999 xx 000 0 und d
020 _a862172454
040 _cARRUPELIB
050 _aP90.O21 1985
100 _aOwens, David
245 _aTeachers guide to introduction to the Mass Media 1 and understanding the Mass Me
260 _aDublin
260 _bVeritas
260 _C1985
300 _a122p.
300 _b 23cm.
942 0 0 _01
999 _c9501
_d9501